[Event "Chioggia op-B 14th"]
[Site "Chioggia"]
[Date "2019.10.06"]
[Round "5"]
[White "Alessi, Giovanni"]
[Black "Laneve, Giulio"]
[Result "1-0"]
[WhiteElo "1451"]
[BlackElo "1563"]
[PlyCount "107"]
[EventDate "2019.10.04"]
[EventType "swiss"]
[EventRounds "5"]
[EventCountry "ITA"]
[SourceTitle "EXT 2022"]
[Source "ChessBase"]
[SourceDate "2021.10.06"]
[SourceVersion "1"]
[SourceVersionDate "2021.10.06"]
[SourceQuality "1"]

1. e4 c5 2. Nf3 d6 3. c3 Nf6 4. d3 e6 5. Be2 Be7 6. Nbd2 Nc6 7. 0-0 Qb6 8. Rb1 Qc7 9. d4 0-0 10. Re1 Rd8 11. Bd3 cxd4 12. cxd4 Nb4 13. Bc4 d5 14. exd5 Nbxd5 15. a3 b6 16. Bf1 Bb7 17. Nc4 Rac8 18. Bg5 Nd7 19. Qd2 Bxg5 20. Nxg5 N7f6 21. Ne5 Qe7 22. Rbc1 Rxc1 23. Rxc1 Rf8 24. Bb5 h6 25. Ngf3 Rc8 26. Nc6 Bxc6 27. Rxc6 Rxc6 28. Bxc6 Qc7 29. Ba4 Qc4 30. Bc2 Qb5 31. Bd3 Qb3 32. h3 Nd7 33. Bb1 Qc4 34. Bd3 Qc7 35. Bb1 Kf8 36. g3 Ke7 37. Kg2 Qc4 38. Qe1 Qc7 39. Nh4 Kd8 40. Nf3 b5 41. Be4 Qd6 42. Qa5+ Qb6 43. Qd2 Kc7 44. Bxd5 exd5 45. Qf4+ Qd6 46. Qxf7 g5 47. Ne5 Kd8 48. Qg7 Nxe5 49. dxe5 Qb6 50. Qh8+ Ke7 51. Qh7+ Kf8 52. Qd7 g4 53. e6 Qc5 54. Qf7# 1-0

[Event "Chioggia op-B 14th"]
[Site "Chioggia"]
[Date "2019.10.05"]
[Round "2"]
[White "Alessi, Giovanni"]
[Black "Belloni, Umberto"]
[Result "0-1"]
[WhiteElo "1451"]
[BlackElo "1630"]
[PlyCount "126"]
[EventDate "2019.10.04"]
[EventType "swiss"]
[EventRounds "5"]
[EventCountry "ITA"]
[SourceTitle "EXT 2022"]
[Source "ChessBase"]
[SourceDate "2021.10.06"]
[SourceVersion "1"]
[SourceVersionDate "2021.10.06"]
[SourceQuality "1"]

1. e4 e6 2. g3 d5 3. Bg2 dxe4 4. Nc3 Bd7 5. Nge2 Nf6 6. Nxe4 Nxe4 7. Bxe4 Bc6 8. Nc3 Bc5 9. Qf3 Bxe4 10. Nxe4 Qd5 11. Ng5 Qxg5 12. Qxb7 Qd5 13. Qc8+ Ke7 14. Qxc7+ Nd7 15. 0-0 Rac8 16. Qf4 Bd6 17. Qh4+ g5 18. Qa4 Ne5 19. Qxa7+ Rc7 20. Qe3 Nf3+ 21. Kg2 Nxd2+ 22. Kg1 Nf3+ 23. Kg2 Ne1+ 24. Kh3 Nxc2 25. Qxg5+ Qxg5 26. Bxg5+ f6 27. Be3 Nxa1 28. Rxa1 Bc5 29. Rc1 Rhc8 30. Rb1 Bxe3 31. fxe3 Ra7 32. a3 Rb8 33. b4 Rxa3 34. e4 Re3 35. e5 Rxe5 36. Kg4 Rbb5 37. Ra1 Rxb4+ 38. Kf3 Reb5 39. Ra8 Rb8 40. Ra7+ R4b7 41. Ra4 f5 42. Rh4 Kf6 43. Rc4 Rb3+ 44. Kg2 R3b4 45. Rc7 R8b7 46. Rc8 Rg7 47. Rf8+ Ke5 48. Rc8 f4 49. Rc5+ Ke4 50. Rc3 Rb2+ 51. Kh3 f3 52. Rc4+ Ke3 53. Rc3+ Ke2 54. Rc1 e5 55. g4 Rg6 56. Kg3 h5 57. h3 hxg4 58. h4 f2 59. Kg2 e4 60. Rh1 Rh6 61. Rf1 e3 62. Rh1 Rxh4 63. Rf1 Rh2+ 0-1

[Event "Chioggia op-B 13th"]
[Site "Chioggia"]
[Date "2018.09.30"]
[Round "5"]
[White "Tiozzo, Fabio"]
[Black "Alessi, Giovanni"]
[Result "1-0"]
[WhiteElo "1566"]
[BlackElo "1505"]
[PlyCount "65"]
[EventDate "2018.09.28"]
[EventType "swiss"]
[EventRounds "5"]
[EventCountry "ITA"]
[SourceTitle "EXT 2022"]
[Source "ChessBase"]
[SourceDate "2021.10.06"]
[SourceVersion "1"]
[SourceVersionDate "2021.10.06"]
[SourceQuality "1"]

1. Nf3 d5 2. c4 e6 3. e3 Nf6 4. b3 Be7 5. Bb2 Nbd7 6. d4 c5 7. cxd5 exd5 8. Be2 0-0 9. 0-0 b6 10. Ne5 Bb7 11. f4 Ne4 12. Nc3 Ndf6 13. Bd3 Ne8 14. Qe2 N8d6 15. Rac1 cxd4 16. exd4 a6 17. Bxe4 dxe4 18. d5 f5 19. g4 a5 20. Rfe1 Bh4 21. gxf5 Bxe1 22. Qxe1 Rxf5 23. Qg3 Qf6 24. Ne2 Ba6 25. Nc4 Nxc4 26. Bxf6 Rxf6 27. Qc3 Nd6 28. Re1 Rc8 29. Qd4 h6 30. Qe3 Bd3 31. Nd4 b5 32. Nc6 Re8 33. Qd4 1-0

[Event "Treviso Lega op-B 2nd"]
[Site "Treviso"]
[Date "2018.03.04"]
[Round "4"]
[White "Alessi, Giovanni"]
[Black "Monegato, Leonardo"]
[Result "0-1"]
[WhiteElo "1479"]
[BlackElo "1622"]
[PlyCount "94"]
[EventDate "2018.03.02"]
[EventType "swiss"]
[EventRounds "5"]
[EventCountry "ITA"]
[SourceTitle "EXT 2022"]
[Source "ChessBase"]
[SourceDate "2021.10.06"]
[SourceVersion "1"]
[SourceVersionDate "2021.10.06"]
[SourceQuality "1"]

1. d4 Nf6 2. Nf3 g6 3. c3 Bg7 4. Bf4 0-0 5. Qc2 d5 6. h3 Bf5 7. Qc1 Nbd7 8. Nbd2 c5 9. g4 Be4 10. Nxe4 dxe4 11. Ne5 cxd4 12. cxd4 Nd5 13. Bh6 Qa5+ 14. Bd2 Qd8 15. Nxd7 Qxd7 16. e3 e5 17. dxe5 Rfd8 18. Qc2 Bxe5 19. Rd1 Rac8 20. Qb3 Rc5 21. Bb4 Nxb4 22. Rxd7 Rxd7 23. Bc4 Nd3+ 24. Ke2 Nxb2 25. Bb5 Rdd5 26. Be8 Kf8 27. f4 exf3+ 28. Kxf3 Kxe8 29. Qxb7 Rd7 30. Qb4 Rdc7 31. Rf1 f6 32. Qb3 Kf8 33. Qb4 a5 34. Qb6 Nc4 35. Qb8+ Rc8 36. Qa7 Nd2+ 37. Ke2 Nxf1 38. Kxf1 R8c7 39. Qa8+ Kg7 40. Kf2 Rc2+ 41. Kf3 Rxa2 42. h4 Rh2 43. Qxa5 Rxh4 44. Qd5 Rh3+ 45. Ke4 Rg3 46. Qd1 Rxg4+ 47. Kd5 Rd7+ 0-1

[Event "Chioggia op-B 12th"]
[Site "Chioggia"]
[Date "2017.10.08"]
[Round "4"]
[White "Alessi, Giovanni"]
[Black "Santo Fernando, Manuel"]
[Result "0-1"]
[WhiteElo "1557"]
[BlackElo "1632"]
[PlyCount "110"]
[EventDate "2017.10.06"]
[EventType "swiss"]
[EventRounds "5"]
[EventCountry "ITA"]
[SourceTitle "EXT 2022"]
[Source "ChessBase"]
[SourceDate "2021.10.06"]
[SourceVersion "1"]
[SourceVersionDate "2021.10.06"]
[SourceQuality "1"]

1. d4 Nf6 2. c4 e6 3. a3 b6 4. Nc3 d5 5. e3 Be7 6. Nf3 Bb7 7. b3 Nbd7 8. Be2 0-0 9. 0-0 c5 10. Bb2 Qc7 11. Rc1 a6 12. Re1 Ng4 13. h3 Ngf6 14. Bd3 dxc4 15. Bxc4 b5 16. Bd3 c4 17. bxc4 bxc4 18. Be2 Rab8 19. Qd2 Rfd8 20. Qc2 Qa5 21. Nb1 Be4 22. Bc3 Qf5 23. Qa2 Nd5 24. Bd2 Rdc8 25. Nc3 Nxc3 26. Rxc3 Bd3 27. Bf1 Nf6 28. Bxd3 cxd3 29. Rec1 Rxc3 30. Rxc3 Nd5 31. Rb3 Rc8 32. Qb1 Rc2 33. Ne5 Rxd2 34. Qc1 Re2 35. Rb8+ Bf8 36. Qf1 Ne7 37. Nd7 Ng6 38. g4 Qe4 39. Nc5 Qf3 40. Nxd3 Rxe3 41. Ne1 Qxh3 42. fxe3 Qg3+ 43. Ng2 Qxb8 44. Qxa6 Qg3 45. Kf1 Qxg4 46. a4 Qf3+ 47. Kg1 Qg3 48. Kf1 h5 49. a5 h4 50. Qe2 h3 51. Nf4 Nxf4 52. exf4 Qxf4+ 53. Qf2 Qc1+ 54. Ke2 h2 55. Qf1 Qxf1+ 0-1

[Event "Padova op-B 15th"]
[Site "Padova"]
[Date "2012.12.23"]
[Round "5"]
[White "Quaranta, Gaetano"]
[Black "Alessi, Giovanni"]
[Result "1/2-1/2"]
[WhiteElo "1815"]
[BlackElo "1633"]
[PlyCount "114"]
[EventDate "2012.12.15"]
[EventType "swiss"]
[EventRounds "6"]
[EventCountry "ITA"]
[SourceTitle "EXT 2015"]
[Source "ChessBase"]
[SourceDate "2014.11.20"]
[SourceVersion "1"]
[SourceVersionDate "2014.11.20"]
[SourceQuality "1"]

1. e4 e5 2. Nf3 d6 3. Bc4 Be7 4. 0-0 Nf6 5. Nc3 Nc6 6. h3 Bd7 7. d3 Na5 8. Bb3 Nxb3 9. axb3 a6 10. Be3 0-0 11. Qd2 c6 12. Na4 c5 13. Nc3 b5 14. Nh2 Qc7 15. f4 exf4 16. Bxf4 Bc6 17. Nf3 Rfd8 18. e5 Nd5 19. Nxd5 Bxd5 20. exd6 Bxd6 21. Bxd6 Qxd6 22. Qf2 Re8 23. Ng5 f6 24. Nf3 Re6 25. Rae1 Rae8 26. Rxe6 Rxe6 27. Re1 Rxe1+ 28. Qxe1 Kf7 29. Nd2 Bb7 30. Qe2 Qd4+ 31. Kh1 Qxb2 32. Qh5+ Ke6 33. Qe8+ Kd6 34. Qd8+ Ke6 35. Qb6+ Kf5 36. Qxc5+ Kg6 37. Nf1 Qc1 38. Qf2 Qg5 39. Ne3 f5 40. Kh2 h5 41. h4 Qf6 42. Qg3+ Kh6 43. Qf4+ Kg6 44. Qg3+ Kh7 45. Qf4 Kg6 46. Qg3+ Kh7 47. Qf4 g6 48. Qc7+ Kh6 49. Qxb7 Qxh4+ 50. Kg1 Qd4 51. Qe7 f4 52. Qf8+ Kg5 53. Qe7+ Kh6 54. Qf8+ Kh7 55. Qf7+ Kh6 56. Qf8+ Kg5 57. Qe7+ Kh6 1/2-1/2

[Event "Veneto Region-ch"]
[Site "Arqua Petrarca"]
[Date "2006.05.07"]
[Round "3"]
[White "Alessi, Giovanni"]
[Black "Quaranta, Gaetano"]
[Result "1/2-1/2"]
[WhiteElo "1640"]
[BlackElo "1619"]
[PlyCount "125"]
[EventDate "2006.05.06"]
[EventType "swiss"]
[EventRounds "6"]
[EventCountry "ITA"]
[SourceTitle "EXT 2011"]
[Source "ChessBase"]
[SourceDate "2010.11.26"]
[SourceVersion "1"]
[SourceVersionDate "2010.11.26"]
[SourceQuality "1"]

1. e4 e5 2. Nf3 Nc6 3. d4 exd4 4. Nxd4 Bc5 5. Nxc6 Qf6 6. Qf3 Qxf3 7. gxf3 dxc6 8. Bf4 Bd6 9. e5 Bb4+ 10. c3 Ba5 11. Bd3 Be6 12. 0-0 0-0-0 13. Be2 Ne7 14. Bg5 Rde8 15. Nd2 h6 16. Be3 Bb6 17. Nc4 Nf5 18. Nxb6+ axb6 19. a4 Bd5 20. c4 Nxe3 21. fxe3 Be6 22. f4 f6 23. f5 Bg8 24. e6 g6 25. e4 gxf5 26. exf5 Bh7 27. Bh5 Re7 28. Bf7 Bg8 29. Bh5 Bh7 30. Bf7 Bg8 31. Bxg8 Rxg8+ 32. Kf2 Rg4 33. Rg1 Rg5 34. Rxg5 hxg5 35. Kf3 Rh7 36. Kg3 Kd8 37. Rd1+ Ke8 38. Rd4 c5 39. Re4 c6 40. h3 Rh5 41. b3 Kd8 42. Rg4 Ke7 43. Re4 Kd8 44. e7+ Ke8 45. Re6 Rh6 46. Re4 Rh7 47. h4 gxh4+ 48. Rxh4 Rg7+ 49. Kf3 Rxe7 50. Rh8+ Kf7 51. Rh7+ Kf8 52. Rxe7 Kxe7 53. Kg4 Kf7 54. Kh4 Kf8 55. Kg4 Kf7 56. Kh4 Kg8 57. Kg4 Kh7 58. Kh4 Kg8 59. Kg4 Kf7 60. Kh5 Kg7 61. Kh4 Kf8 62. Kh5 Kg7 63. Kh4 1/2-1/2

[Event "Padova Weekend op-B 8th"]
[Site "Padova"]
[Date "2005.12.18"]
[Round "6.31"]
[White "Alessi, Giovanni"]
[Black "Bano, Paolo"]
[Result "1-0"]
[WhiteElo "1640"]
[BlackElo "1434"]
[PlyCount "89"]
[EventDate "2005.12.10"]
[EventType "swiss"]
[EventRounds "6"]
[EventCountry "ITA"]
[SourceTitle "EXT 2024"]
[Source "ChessBase"]
[SourceDate "2023.10.10"]
[SourceVersion "1"]
[SourceVersionDate "2023.10.10"]
[SourceQuality "1"]

1. e4 d6 2. d4 Nf6 3. Bd3 e5 4. d5 Be7 5. Nf3 Bg4 6. c4 Nbd7 7. Nc3 0-0 8. Be3 Ne8 9. 0-0 Bxf3 10. Qxf3 Bg5 11. b4 Bxe3 12. Qxe3 a5 13. a3 b6 14. f4 exf4 15. Qxf4 Ne5 16. Be2 Nf6 17. c5 bxc5 18. bxc5 Ng6 19. Qf2 dxc5 20. Qxc5 Re8 21. Bd3 Ne5 22. Be2 Qd6 23. Qxd6 cxd6 24. Bf3 Rab8 25. a4 Rb4 26. Rfe1 Kf8 27. Nb5 Ke7 28. Reb1 Rc4 29. Na7 Rc7 30. Nb5 Rb7 31. Rc1 Nfd7 32. Nd4 g6 33. Nc6+ Kf8 34. Nxa5 Ra7 35. Nc6 Ra6 36. Nxe5 Rxe5 37. Rc7 Nc5 38. a5 Nb3 39. Ra3 Nc5 40. Rc6 Ke7 41. Rxa6 Nxa6 42. Rb3 Kd8 43. Rb6 Nc5 44. Rxd6+ Kc7 45. Rc6+ 1-0

[Event "Padova Weekend op-B 8th"]
[Site "Padova"]
[Date "2005.12.17"]
[Round "4.36"]
[White "Negro, Raffaele"]
[Black "Alessi, Giovanni"]
[Result "1/2-1/2"]
[WhiteElo "1766"]
[BlackElo "1640"]
[PlyCount "106"]
[EventDate "2005.12.10"]
[EventType "swiss"]
[EventRounds "6"]
[EventCountry "ITA"]
[SourceTitle "EXT 2024"]
[Source "ChessBase"]
[SourceDate "2023.10.10"]
[SourceVersion "1"]
[SourceVersionDate "2023.10.10"]
[SourceQuality "1"]

1. d4 d5 2. Nf3 e6 3. e3 Nf6 4. Bd3 c5 5. c3 Nc6 6. Nbd2 Bd6 7. 0-0 Bd7 8. dxc5 Bxc5 9. e4 Bd6 10. Qe2 Qc7 11. Re1 Ne5 12. Nxe5 Bxe5 13. Nf3 dxe4 14. Nxe5 exd3 15. Qxd3 Bc6 16. Nxc6 Qxc6 17. Bg5 Qd5 18. Qe3 Qf5 19. Rad1 Nd5 20. Qd2 0-0 21. c4 Nf6 22. Bxf6 Qxf6 23. Qd4 Qxd4 24. Rxd4 Rfd8 25. Red1 Rxd4 26. Rxd4 Kf8 27. Rd7 Rb8 28. Kf1 Ke8 29. Rc7 a6 30. c5 h6 31. Ke2 a5 32. b3 b6 33. c6 b5 34. Rb7 Rc8 35. Rxb5 a4 36. Rc5 axb3 37. axb3 Ke7 38. Ke3 Kd6 39. Rc4 Rxc6 40. Rxc6+ Kxc6 41. Kd4 f6 42. f4 g5 43. fxg5 hxg5 44. g4 Kb5 45. Kc3 Kc5 46. b4+ Kb5 47. Kb3 f5 48. gxf5 exf5 49. Kc3 g4 50. Kd3 f4 51. Ke4 f3 52. Ke3 Kxb4 53. h4 gxh3 1/2-1/2

[Event "Veneto-ch qf 63rd"]
[Site "Arqua Petrarca"]
[Date "2003.05.11"]
[Round "6.22"]
[White "Alessi, Giovanni"]
[Black "Rigo, Gianfrancesco"]
[Result "0-1"]
[WhiteElo "1500"]
[BlackElo "2055"]
[PlyCount "66"]
[EventDate "2003.05.03"]
[EventType "swiss"]
[EventRounds "6"]
[EventCountry "ITA"]
[SourceTitle "EXT 2024"]
[Source "ChessBase"]
[SourceDate "2023.10.10"]
[SourceVersion "1"]
[SourceVersionDate "2023.10.10"]
[SourceQuality "1"]

1. e4 e6 2. e5 d5 3. g3 c5 4. Bg2 Nc6 5. Nf3 f6 6. exf6 Nxf6 7. c3 e5 8. d4 e4 9. Ne5 cxd4 10. Nxc6 bxc6 11. cxd4 Ba6 12. Nc3 Qb6 13. Ne2 Bb4+ 14. Bd2 Bxe2 15. Qxe2 Qxd4 16. Bxb4 Qxb4+ 17. Qd2 a5 18. a3 Qxd2+ 19. Kxd2 Rb8 20. Rhb1 Rb3 21. h3 0-0 22. Bf1 e3+ 23. Kc2 a4 24. f3 Ne4 25. fxe4 Rf2+ 26. Kd1 Rxf1+ 27. Ke2 Rf2+ 28. Ke1 d4 29. Rc1 d3 30. Rxc6 d2+ 31. Kd1 Rf1+ 32. Kc2 Rxa1 33. Rc3 d1Q# 0-1

[Event "Veneto-ch qf 62nd"]
[Site "Arqua Petrarca"]
[Date "2002.05.12"]
[Round "6.30"]
[White "Menin, Massimo"]
[Black "Alessi, Giovanni"]
[Result "0-1"]
[WhiteElo "1300"]
[BlackElo "1492"]
[PlyCount "156"]
[EventDate "2002.05.04"]
[EventType "swiss"]
[EventRounds "6"]
[EventCountry "ITA"]
[SourceTitle "EXT 2024"]
[Source "ChessBase"]
[SourceDate "2023.10.10"]
[SourceVersion "1"]
[SourceVersionDate "2023.10.10"]
[SourceQuality "1"]

1. Nf3 g6 2. c4 Bg7 3. d4 e6 4. g3 c6 5. e4 d6 6. Nc3 Nd7 7. Bg2 Qc7 8. 0-0 e5 9. d5 Ngf6 10. Be3 c5 11. Nb5 Qb6 12. Qc2 a6 13. Nc3 Qc7 14. a4 0-0 15. Qc1 Nb6 16. b3 Ng4 17. Bd2 f5 18. exf5 Bxf5 19. Nh4 Bd3 20. Ne4 Bxf1 21. Qxf1 Nf6 22. Ba5 Nxe4 23. Bxe4 Rf6 24. Nf3 h6 25. Qd3 Raf8 26. Re1 Qf7 27. Kg2 Nd7 28. Bd2 g5 29. h3 b5 30. axb5 axb5 31. Ra1 bxc4 32. bxc4 Nb6 33. Ra2 Nxc4 34. Bc1 Nb6 35. Ra3 Rc8 36. Ra6 Qc7 37. Qb5 Rb8 38. Qa5 Rb7 39. Be3 Nc4 40. Ra8+ Kf7 41. Qa4 Nxe3+ 42. fxe3 Qe7 43. g4 Qd7 44. Qc6 Ke7 45. Bf5 Qxc6 46. dxc6 Rc7 47. Bd7 Rf8 48. Ra4 Bf6 49. Ng1 d5 50. Ne2 Kd6 51. Nc3 Rxd7 52. cxd7 d4 53. exd4 exd4 54. Ne4+ Kxd7 55. Nxc5+ Kc6 56. Ne4 Kd5 57. Nf2 Rc8 58. Ra6 Rc6 59. Rxc6 Kxc6 60. Kf3 Kd5 61. Nd3 Kc4 62. Ke4 Bd8 63. Nb2+ Kc3 64. Nd3 Bc7 65. Nc1 Bf4 66. Nd3 Be3 67. Nc5 Kd2 68. Nb3+ Ke2 69. Nxd4+ Bxd4 70. Kxd4 Kf3 71. Ke5 Kg3 72. Kf5 Kxh3 73. Kg6 Kxg4 74. Kxh6 Kf4 75. Kh5 g4 76. Kh4 Kf3 77. Kh5 g3 78. Kh4 g2 0-1

[Event "Padova op-B 3rd"]
[Site "Padova"]
[Date "2000.12.09"]
[Round "4.36"]
[White "Alessi, Giovanni"]
[Black "Tasson, Giovanni"]
[Result "1-0"]
[WhiteElo "1500"]
[BlackElo "1474"]
[PlyCount "122"]
[EventDate "2000.12.02"]
[EventType "swiss"]
[EventRounds "6"]
[EventCountry "ITA"]
[SourceTitle "EXT 2024"]
[Source "ChessBase"]
[SourceDate "2023.10.10"]
[SourceVersion "1"]
[SourceVersionDate "2023.10.10"]
[SourceQuality "1"]

1. e4 e5 2. Nf3 Nc6 3. Bc4 Bc5 4. 0-0 Nf6 5. d3 h6 6. a3 a5 7. Re1 0-0 8. c3 d6 9. Be3 Bxe3 10. Rxe3 Bg4 11. Nbd2 Re8 12. Qb3 Qd7 13. Bb5 Be6 14. Qc2 Qe7 15. d4 Bd7 16. Bd3 Nh7 17. d5 Nb8 18. c4 Na6 19. Nb3 b6 20. Rf1 Bg4 21. Qc3 Nc5 22. Nxc5 bxc5 23. b3 Bd7 24. Nd2 a4 25. b4 cxb4 26. Qxb4 Rab8 27. Qc3 Rb6 28. f4 Reb8 29. fxe5 Qxe5 30. Qxe5 dxe5 31. c5 Rb2 32. Nc4 R2b3 33. Nxe5 Bb5 34. Rxf7 Bxd3 35. Rxc7 Bc2 36. Rxb3 axb3 37. Nc4 b2 38. Nxb2 Rxb2 39. e5 Be4 40. d6 Rxg2+ 41. Kf1 Rd2 42. e6 Nf6 43. Rc8+ Kh7 44. e7 Bg6 45. a4 Bf7 46. a5 g5 47. a6 Bc4+ 48. Ke1 Ra2 49. e8Q Nxe8 50. Rxe8 Bb5 51. Re7+ Kg6 52. a7 Kf6 53. Rb7 Bc6 54. Rb6 Be8 55. d7+ Ke7 56. dxe8Q+ Kxe8 57. Rb8+ Kd7 58. a8Q Rxa8 59. Rxa8 Kc6 60. Ra6+ Kb5 61. Rxh6 Kxc5 1-0

[Event "Padova op-A 1st"]
[Site "Padova"]
[Date "1998.12.19"]
[Round "4.28"]
[White "Quaranta, Gaetano"]
[Black "Alessi, Giovanni"]
[Result "1-0"]
[WhiteElo "1558"]
[BlackElo "1400"]
[PlyCount "69"]
[EventDate "1998.12.12"]
[EventType "swiss"]
[EventRounds "6"]
[EventCountry "ITA"]
[SourceTitle "EXT 2023"]
[Source "ChessBase"]
[SourceDate "2022.10.05"]
[SourceVersion "1"]
[SourceVersionDate "2022.10.05"]
[SourceQuality "1"]

1. e4 e5 2. Nf3 d6 3. Bc4 c6 4. d4 Bg4 5. dxe5 Bxf3 6. Qxf3 f6 7. Bxg8 Rxg8 8. e6 Qe7 9. Qh5+ g6 10. Qg4 h5 11. Qh3 c5 12. Nc3 Qg7 13. Nd5 Nc6 14. e7 Rc8 15. exf8Q+ Rxf8 16. Qxc8+ Nd8 17. Qc7 Qxc7 18. Nxc7+ Kd7 19. Nd5 b5 20. Bh6 Rf7 21. 0-0-0 g5 22. h4 g4 23. Bf4 Nb7 24. Nc3 a6 25. e5 fxe5 26. Bxe5 Rxf2 27. Ne4 Rxg2 28. Nxd6 Nxd6 29. Rxd6+ Kc8 30. Rc6+ Kb7 31. Rxc5 Kb6 32. Rc3 Re2 33. Re3 Rf2 34. Bd4+ Kb7 35. Re7+ 1-0

[Event "Padova op-A 1st"]
[Site "Padova"]
[Date "1998.12.13"]
[Round "3.29"]
[White "Alessi, Giovanni"]
[Black "Salata, Alessio"]
[Result "1/2-1/2"]
[WhiteElo "1400"]
[BlackElo "1552"]
[PlyCount "102"]
[EventDate "1998.12.12"]
[EventType "swiss"]
[EventRounds "6"]
[EventCountry "ITA"]
[SourceTitle "EXT 2023"]
[Source "ChessBase"]
[SourceDate "2022.10.05"]
[SourceVersion "1"]
[SourceVersionDate "2022.10.05"]
[SourceQuality "1"]

1. e4 Nf6 2. Nc3 e5 3. Bc4 Bc5 4. Nf3 d6 5. d3 a6 6. Bg5 0-0 7. Nd5 Nbd7 8. 0-0 b5 9. Bb3 Bb7 10. c3 c6 11. Nxf6+ gxf6 12. Bh6 Re8 13. Nh4 Nf8 14. Bxf8 Rxf8 15. Qg4+ Kh8 16. Nf5 Rg8 17. Qh4 d5 18. Nh6 Rg7 19. c4 Be7 20. Nf5 Rg6 21. cxd5 cxd5 22. exd5 Bxd5 23. Bxd5 Qxd5 24. f3 Bc5+ 25. Kh1 Rg5 26. Qe4 Qd8 27. Rac1 Rc8 28. Nh6 Qf8 29. Nf5 Rd8 30. Rc2 Be7 31. Rc7 Bd6 32. Rc6 Be7 33. g4 Qe8 34. Rfc1 Qd7 35. Rc7 Qe6 36. b3 Rxf5 37. gxf5 Qd6 38. Rc8 Rxc8 39. Rxc8+ Bd8 40. Kg2 Kg7 41. Rc3 Qa3 42. Qg4+ Kf8 43. Rc8 Qxa2+ 44. Kh3 Qa5 45. Qe4 Kg7 46. Qd5 Qe1 47. Qxd8 Qf1+ 48. Kg3 Qg1+ 49. Kh3 Qf1+ 50. Kg3 Qg1+ 51. Kh3 Qf1+ 1/2-1/2

[Event "Padova op-A 1st"]
[Site "Padova"]
[Date "1998.12.13"]
[Round "2.31"]
[White "Saponara, Nicola"]
[Black "Alessi, Giovanni"]
[Result "1-0"]
[WhiteElo "1576"]
[BlackElo "1400"]
[PlyCount "113"]
[EventDate "1998.12.12"]
[EventType "swiss"]
[EventRounds "6"]
[EventCountry "ITA"]
[SourceTitle "EXT 2023"]
[Source "ChessBase"]
[SourceDate "2022.10.05"]
[SourceVersion "1"]
[SourceVersionDate "2022.10.05"]
[SourceQuality "1"]

1. e4 e5 2. Nf3 d6 3. Bc4 Bg4 4. c3 Nf6 5. d3 a6 6. Qb3 Be6 7. Bxe6 fxe6 8. Qxe6+ Qe7 9. Qc8+ Qd8 10. Qxb7 Nbd7 11. Ng5 Rb8 12. Qxa6 Nb6 13. Qb5+ Qd7 14. Qb3 h6 15. Ne6 Ke7 16. Nxf8 Rhxf8 17. 0-0 g5 18. a4 c5 19. a5 Nbd5 20. Qc2 Nf4 21. Re1 Qg4 22. f3 Qd7 23. d4 c4 24. Bxf4 gxf4 25. dxe5 dxe5 26. Na3 Qe6 27. Red1 Rg8 28. Qd2 h5 29. Nxc4 Qxc4 30. Qd6+ Kf7 31. Qd2 h4 32. h3 Rg3 33. a6 Rbg8 34. Kh2 Rxg2+ 35. Qxg2 Rxg2+ 36. Kxg2 Qe2+ 37. Kg1 Nh5 38. Rf1 Qe3+ 39. Kg2 Qa7 40. Rfd1 Ke6 41. c4 Qg7+ 42. Kf1 Ng3+ 43. Ke1 Qa7 44. Ra3 Qg1+ 45. Kd2 Qd4+ 46. Kc2 Qxc4+ 47. Kb1 Qc8 48. a7 Qa8 49. Rd5 Ne2 50. Rb5 Qc6 51. Rab3 Qa8 52. Rb6+ Kd7 53. Rb7+ Kc6 54. Rh7 Kc5 55. Rb8 Qxa7 56. Rxa7 Kc4 57. Rh8 1-0